Gramática de la lengua alemana (Record no. 136360)

MARC details
000 -LEADER
campo de control de longitud fija 00703nam a2200205 i 4500
001 - NÚMERO DE CONTROL
campo de control 136360
003 - IDENTIFICADOR DE NÚMERO DE CONTROL
campo de control ES-MaACL
005 - FECHA Y HORA DE LA ÚLTIMA TRANSACCIÓN
campo de control 20230906195113.0
007 - CAMPO FIJO DE DESCRIPCIÓN FÍSICA--INFORMACIÓN GENERAL
campo de control de longitud fija t|
008 - DATOS DE LONGITUD FIJA--INFORMACIÓN GENERAL
campo de control de longitud fija 070214s1941 sp r ||||1| spa d
100 1# - ENTRADA PRINCIPAL--NOMBRE DE PERSONA
Nombre de persona Ruppert, Ricardo.
9 (RLIN) 101006
245 10 - MENCIÓN DEL TÍTULO
Título Gramática de la lengua alemana
Resto del título : método teórico-práctico para uso de los españoles /
Mención de responsabilidad, etc. por Ricardo Ruppert.
250 ## - MENCION DE EDICION
Mención de edición 10ª ed.
260 ## - PUBLICACIÓN, DISTRIBUCIÓN, ETC.
Lugar de publicación, distribución, etc. Madrid :
Nombre del editor, distribuidor, etc. Librería Internacional de Romo [etc.],
Fecha de publicación, distribución, etc. 1941.
300 ## - DESCRIPCIÓN FÍSICA
Extensión XII, 440 p. ;
Dimensiones 20 cm.
500 ## - NOTA GENERAL
Nota general Precede al tít.: Método Gaspey-Otto-Sauer.
650 04 - PUNTO DE ACCESO ADICIONAL DE MATERIA--TÉRMINO DE MATERIA
Término de materia o nombre geográfico como elemento de entrada Lengua alemana-
Subdivisión de forma Métodos.
9 (RLIN) 14086
740 0# - ENTRADA AGREGADA--TÍTULO RELACIONADO/ANALÍTICO NO CONTROLADO
Título relacionado o analítico no controlado Método Gaspey-Otto-Sauer.
852 ## - LOCALIZACIÓN
Ubicación ES-MaACL
Número de control de estantería E-2173
Sublocalización o colección R.23081
Holdings
Estatus retirado Estado de pérdida Estado de daño No para préstamo Biblioteca de origen Biblioteca actual Ubicación en estantería Fecha de adquisición Fuente de adquisición Total de préstamos Signatura topográfica completa Código de barras Visto por última vez Precio de reemplazo Tipo de ítem Koha
        Biblioteca del Ateneo de Madrid Biblioteca del Ateneo de Madrid Depósito 2 17/01/2008     E-2173 1141916 23/02/2023 23/02/2023 Libro impreso